| 000 | 00457nam a2200121Ia 4500 | ||
|---|---|---|---|
| 008 | 220512s9999 xx 000 0 eng d | ||
| 100 | _aGanti Subrahmanyam | ||
| 245 | 0 |
_aSector GDP concentration bias in the macro-money demand specification:new evidence for India / _cGanti Subrahmanyam, Telidevara, Sridhar |
|
| 260 |
_aMumbai : _bIndira Gandhi Institute of Development Research, _cSep-13 |
||
| 546 | _aEnglish | ||
| 700 | _aTelidevara, Sridhar | ||
| 942 | _cPR | ||
| 999 |
_c36824 _d36824 |
||